World energy statistics and balances = Statistiques et bilans énergétiques mondiaux / Agence internationale de l'énergie.

Bibliographic Details
New Title:Energy statistics and balances of non-OECD countries
Previous Title:Energy balances of developing countries = bilans énergétiques des pays en developpment
Corporate Authors: International Energy Agency, Organisation for Economic Co-operation and Development
Format: Serial
Language:English
French
Language Notes:English and French.
Published: Paris : Organisation for Economic Co-operation and Development, ©1989-©1990.
Series:IEA statistics.
Subjects:

MARC

Tag First Indicator Second Indicator Subfields
LEADER 00000cas a2200000 a 4500
001 in00000925821
005 20150924200321.0
008 890810d19871988fr uu s i0uuua0eng d
010 |a  89656260  
035 |a (OCoLC)20155049 
035 |9 AEQ7565AM 
040 |a ABC  |c ABC  |d DLC  |d COO  |d DLC  |d HUL  |d DLC  |d WAU  |d HUL  |d MYG  |d EYM  |d NYG  |d IUL  |d UtOrBLW 
041 0 |a eng  |a fre 
042 |a lc 
049 |a TXAE 
050 0 0 |a HD9502.D44  |b E53 
245 0 0 |a World energy statistics and balances =  |b Statistiques et bilans énergétiques mondiaux / Agence internationale de l'énergie. 
246 1 1 |a Statistiques et bilans énergétiques mondiaux 
264 1 |a Paris :  |b Organisation for Economic Co-operation and Development,  |c ©1989-©1990. 
300 |a 2 volumes :  |b illustrations ;  |c 27 cm. 
336 |a text  |b txt  |2 rdacontent 
337 |a unmediated  |b n  |2 rdamedia 
338 |a volume  |b nc  |2 rdacarrier 
362 0 |a 1971-1987 - 1985-1988. 
490 1 |a IEA statistics 
546 |a English and French. 
650 0 |a Energy industries  |x Statistics. 
650 0 |a Energy development  |x Statistics. 
650 0 |a Energy consumption  |x Statistics. 
650 0 |a Power resources  |v Statistics. 
710 2 |a International Energy Agency. 
710 2 |a Organisation for Economic Co-operation and Development. 
780 0 0 |t Energy balances of developing countries = bilans énergétiques des pays en developpment  |w (DLC) 84646138  |w (OCoLC)10843521 
785 0 0 |t Energy statistics and balances of non-OECD countries  |w (DLC) 92641064  |w (OCoLC)24571019 
830 0 |a IEA statistics. 
948 |a T2 
999 |a MARS 
999 f f |s 92451713-b012-3cf8-834b-887bb8c3ba3c  |i f6e64188-88c0-30d3-9933-a47fe356c69e  |t 0 
952 f f |p ric  |a Texas A&M University  |b Rellis Campus  |c Joint Library Facility  |d Remote Storage  |t 0  |e HD9502.D49 E57  |h Library of Congress classification  |i unmediated -- volume  |l 1985/1988  |m A14812276478 
952 f f |p ric  |a Texas A&M University  |b Rellis Campus  |c Joint Library Facility  |d Remote Storage  |t 0  |e HD9502.D49 E57  |h Library of Congress classification  |i unmediated -- volume  |l 1971/1987  |m A14814719082 
998 f f |a HD9502.D49 E57  |s 1971/1987-1985/1988  |t 0  |l Remote Storage